Hệ thống các văn bản hướng dẫn thực hiện chế độ tiền lương và bảo hiểm xã hội

Guardado en:
Detalles Bibliográficos
Formato: Libro
Lenguaje:Undetermined
Publicado: Hà Nội Lao động 2003
Materias:
Etiquetas: Agregar Etiqueta
Sin Etiquetas, Sea el primero en etiquetar este registro!
Thư viện lưu trữ: Trung tâm Học liệu Trường Đại học Cần Thơ
LEADER 00645nam a2200193Ia 4500
001 CTU_88013
008 210402s9999 xx 000 0 und d
020 |c 298000 
082 |a 344.59701 
082 |b H250 
245 0 |a Hệ thống các văn bản hướng dẫn thực hiện chế độ tiền lương và bảo hiểm xã hội 
245 0 |c Phạm Huy Đoán sưu tầm 
260 |a Hà Nội 
260 |b Lao động 
260 |c 2003 
650 |a Labor laws and legislation,Public welfare 
650 |z Vietnam 
904 |i Trúc 
980 |a Trung tâm Học liệu Trường Đại học Cần Thơ